[Event "TCh-ROM Divizia A Masculin"]
[Site "Predeal ROM"]
[Date "2006.11.12"]
[Round "9"]
[White "Marin,M"]
[Black "Varga,Zo"]
[Result "1/2-1/2"]
[WhiteElo "2552"]
[BlackElo "2508"]

1.c4 e6 2.Nf3 d5 3.d4 c6 4.e3 Bd6 5.Bd3 f5 6.O-O Nf6 7.b3 Qe7 8.Bb2 a5 9.Nc3 O-O
10.Ne2 Bd7 11.Ne5 Be8 12.cxd5 cxd5 13.f3 Nc6 14.Rc1 Nb4 15.Bb1 Bb5 16.Re1 Rfc8
17.Nc3 Be8 18.Qe2 Nd7 19.Nxd7 Qxd7 20.e4 fxe4 21.fxe4 Bf4 22.Rcd1 Bh6 23.a3 Na6
24.Qd3 Bg6 25.Qh3 Rd8 26.Na4 Rab8 27.exd5 exd5 28.Qxd7 Rxd7 29.Bxg6 hxg6
30.Bc3 b5 31.Nc5 Nxc5 32.dxc5 Rc8 33.Bd4 b4 34.axb4 axb4 35.Re6 Kf7 36.Rb6 Re7
37.Bf2 Be3 38.Bxe3 Rxe3 39.Rxb4 Rxc5 40.Rbd4 Rxb3  1/2-1/2

[Event "19th Belgrade Trophy"]
[Site "Belgrade SRB"]
[Date "2006.11.23"]
[Round "2"]
[White "Mihic,B"]
[Black "Vreljanski,D"]
[Result "0-1"]
[WhiteElo "2346"]
[BlackElo "2193"]

1.Nf3 e6 2.c4 d5 3.d4 Nf6 4.g3 dxc4 5.Bg2 c5 6.O-O Nc6 7.Qa4 Bd7 8.Qxc4 cxd4
9.Nxd4 Nxd4 10.Qxd4 Bc6 11.Bxc6+ bxc6 12.Qa4 Qb6 13.Be3 Qb5 14.Nc3 Qxa4 15.Nxa4 Bd6
16.Rac1 Kd7 17.Rfd1 Nd5 18.Bc5 Bxc5 19.Nxc5+ Ke7 20.Nd3 Rhc8 21.Rc5 a5 22.e4 Nf6
23.Ne5 Nxe4 24.Rd7+ Ke8 25.Rc4 Ng5 26.Kg2 f6 27.Rxg7 Kf8 28.Rxg5 fxg5 29.Nxc6 Ra6
30.Nxa5 Rxc4 31.Nxc4 Rxa2 32.Kf3 Ra4 33.b3 Rb4 34.Nd2 Ke7 35.Ke3 h5 36.h3 h4
37.Kf3 Rd4 38.Ne4 g4+ 39.hxg4 h3 40.Ng5 Rd3+  0-1

[Event "19th Belgrade Trophy"]
[Site "Belgrade SRB"]
[Date "2006.11.24"]
[Round "3"]
[White "Cvetkovic,Sr"]
[Black "Adamovic,S"]
[Result "1-0"]
[WhiteElo "2396"]
[BlackElo "1990"]

1.c4 e6 2.Nf3 d5 3.d4 c5 4.cxd5 exd5 5.Nc3 Nc6 6.g3 Nf6 7.Bg2 Be7 8.O-O O-O
9.Bg5 cxd4 10.Nxd4 h6 11.Be3 Re8 12.Rc1 Bf8 13.Nb3 Be6 14.h3 Qd7 15.Kh2 Rad8
16.Nd4 Nxd4 17.Bxd4 b6 18.e3 Be7 19.Qe2 Ne4 20.Rfd1 Nxc3 21.Rxc3 Bb4 22.Rcc1 Rc8
23.a3 Rxc1 24.Rxc1 Bd6 25.Rd1 Qc6 26.Bc3 Bxa3 27.Bxg7 Kxg7 28.bxa3 Qc4 29.Qb2+ f6
30.Rc1 Qd3 31.Rc7+ Bf7 32.Rxa7 b5 33.Bf3 Re5 34.Kg2 Rf5 35.Qd4 Qc4 36.Qg4+ Rg5
37.Qe6  1-0

[Event "19th Belgrade Trophy"]
[Site "Belgrade SRB"]
[Date "2006.11.28"]
[Round "7"]
[White "Pavlovic,Milo"]
[Black "Certic,B"]
[Result "1-0"]
[WhiteElo "2507"]
[BlackElo "2393"]

1.Nf3 e6 2.c4 d5 3.g3 Nc6 4.Bg2 Nge7 5.b3 Nf5 6.O-O Be7 7.Bb2 Bf6 8.Bxf6 Qxf6
9.Nc3 d4 10.Ne4 Qe7 11.a3 a5 12.b4 axb4 13.axb4 Rxa1 14.Qxa1 Qxb4 15.g4 O-O
16.gxf5 exf5 17.Ng3 f4 18.Ne4 Qxc4 19.d3 Qd5 20.Rc1 Rd8 21.Rc5 Qd7 22.Qc1 Qe7
23.Rc2 f5 24.Neg5 h6 25.Rxc6 bxc6 26.Qc4+ Rd5 27.Nxd4 Qxg5 28.h4 Qg4 29.Nxc6 Be6
30.Ne7+ Kh7 31.Nxd5  1-0

[Event "ch-ESP Abierto"]
[Site "Leon ESP"]
[Date "2006.11.28"]
[Round "7"]
[White "Perez Aleman,P"]
[Black "Galard Agustin,T"]
[Result "1-0"]
[WhiteElo "2180"]
[BlackElo "1959"]

1.c4 e6 2.Nf3 d5 3.d4 c6 4.Qc2 f5 5.Bf4 Nf6 6.e3 Be7 7.Bd3 O-O 8.cxd5 cxd5
9.O-O Ne4 10.Bc7 Qe8 11.Ne5 Bd7 12.f3 Nf6 13.Bxb8 Rxb8 14.Nc3 Rc8 15.Rae1 Bd6
16.Qb1 a6 17.e4 Qh5 18.exf5 exf5 19.f4 Be6 20.Re3 Ne4 21.Qe1 Bb8 22.Rh3 Qe8
23.Qh4 h6 24.Bxe4 fxe4 25.Rg3 Kh7 26.Rd1 Bc7 27.Re3 Bd8 28.Qg3 Qh5 29.Qe1 Rxf4
30.Ne2 Rf8 31.Ng3 Qg5 32.Rc3 Bf6 33.Rdc1 Rxc3 34.bxc3 Bxe5 35.dxe5 Qxe5 36.c4 Qd4+
37.Kh1 Rc8 38.cxd5 Rxc1 39.Qxc1 Bxd5 40.h3 Qe5 41.Qa3 h5 42.Qe3 h4 43.Ne2 g5
44.Nc3 Bc6 45.Nd1 Qa1 46.Qb3 Qf6 47.Ne3 Kg6 48.Qg8+ Qg7 49.Qe6+ Kh7 50.Nf5 Qf8
51.Ne3 a5 52.Nf5 a4 53.a3 e3 54.Nxe3 Qf2 55.Qe7+ Kg6 56.Qe6+ Qf6 57.Qg8+ Qg7
58.Qe6+ Kh7 59.Ng4 Qf8 60.Nf6+ Kh8 61.Qf5 Qh6 62.Qe5 Qg6 63.Nd5+ Kh7 64.Nf6+ Kh8
65.Qe7 Qg7 66.Qd8+  1-0

[Event "ch-ESP Abierto"]
[Site "Leon ESP"]
[Date "2006.11.29"]
[Round "8"]
[White "Fernandez Aguado,E"]
[Black "Granados Gomez,M"]
[Result "1/2-1/2"]
[WhiteElo "2356"]
[BlackElo "2436"]

1.c4 e6 2.Nf3 d5 3.b3 d4 4.Bb2 c5 5.b4 Nf6 6.e3 dxe3 7.fxe3 b6 8.bxc5 bxc5
9.Nc3 Nbd7 10.Qc2 Bb7 11.Be2 Bd6 12.O-O O-O 13.Nb5 Bb8 14.Ng5 e5 15.Bd3 e4
16.Bxe4 Nxe4 17.Nxe4 Bxh2+ 18.Kxh2 Qh4+ 19.Kg1 Qxe4 20.Qxe4 Bxe4 21.Ba3 Bd3
22.Rfc1 Rfc8 23.Rc3 Ne5 24.Nd6 Rc6 25.Nb7 Rac8 26.Rac1 f5 27.Bb2 Be4 28.Rb3 Nd3
29.Rcc3 Rb6 30.Ba3 Rcc6 31.Rxd3 Bxd3 32.Rxd3 Rxb7 33.Rd5 f4 34.e4 Rbc7 35.Kf2 h6
36.Kf3 g5 37.Bb2 Kf7 38.Be5 Rb7 39.Bd6 Rd7 40.e5 Ke6 41.Ke4 Rdxd6 42.exd6 Rxd6
43.Rxc5 Rxd2 44.Rc6+ Rd6 45.Rc7 Ra6 46.Rh7 Rxa2 47.Rxh6+ Kf7 48.Kf3 Ra3+
49.Kf2 a5 50.c5 Rc3 51.c6 Ke7 52.Rg6 Rc5 53.Kf3 Kd8 54.Rg7 Kc8 55.Ke4 a4
56.Ra7 Rc2 57.Rxa4 Rxg2 58.Kd5 Rd2+ 59.Ke4 Kc7 60.Rc4 Re2+ 61.Kf3 Re3+ 62.Kf2 Rg3
63.Rc5 Kb8 64.Rb5+ Kc8 65.Rf5 Kc7 66.Rc5 g4 67.Rc4 Rf3+ 68.Kg2 Kb8 69.Rb4+ Kc8
70.Rd4  1/2-1/2

[Event "ch-ROM"]
[Site "Predeal ROM"]
[Date "2006.12.03"]
[Round "7"]
[White "Marin,M"]
[Black "Miron,L"]
[Result "1/2-1/2"]
[WhiteElo "2552"]
[BlackElo "2300"]

1.c4 e6 2.Nf3 d5 3.b3 c5 4.g3 Nc6 5.Bg2 Be7 6.Nc3 d4 7.Na4 e5 8.d3 f5 9.O-O Nf6
10.Ba3 Nd7 11.e3 O-O 12.exd4 exd4 13.Re1 Bd6 14.Qd2 h6 15.Re6 Qc7 16.Rae1 Kh7
17.Nh4 Nd8 18.R6e2 Nf6 19.b4 cxb4 20.Bxb4 Rf7 21.Nf3 Bd7 22.c5 Bf8 23.Ba5 Qc8
24.Ne5 Re7 25.Bxd8 Qxd8 26.Nxd7 Qxd7 27.Rxe7 Bxe7 28.Qa5 Re8 29.Nb2 Bd8 30.Qd2 Rxe1+
31.Qxe1 Qe7 32.Qxe7 Bxe7 33.Na4 Nd7 34.Bxb7 Nxc5  1/2-1/2

[Event "ch-ROM w"]
[Site "Predeal ROM"]
[Date "2006.12.05"]
[Round "9"]
[White "Marin,Ir"]
[Black "Dragomirescu,An"]
[Result "1/2-1/2"]
[WhiteElo "2222"]
[BlackElo "2237"]

1.c4 e6 2.Nf3 d5 3.b3 Nf6 4.g3 Be7 5.Bg2 O-O 6.O-O c5 7.e3 d4 8.exd4 cxd4
9.d3 Nc6 10.Re1 Ne8 11.Na3 f6 12.Nc2 e5 13.Qe2 Nc7 14.a3 a5 15.Bd2 Rb8 16.b4 axb4
17.axb4 b5 18.cxb5 Nxb5 19.Ng5 Nca7 20.Ne4 f5 21.Nc5 Bf6 22.Qf3 Re8 23.Qd5+ Qxd5
24.Bxd5+ Kf8 25.f4 Rb6 26.fxe5 Bxe5 27.Bf4 Bxf4 28.Rxe8+ Kxe8 29.gxf4 Rd6
30.Bf3 Bd7 31.Kg2 Bc6 32.Bxc6+ Nxc6 33.Ra6 Ke7 34.Rb6 Nc3 35.Rb7+ Kf6 36.Nd7+ Kg6
37.b5 Nd8 38.Ne5+ Kf6 39.Rb8 Nd5 40.Nc4 Rd7 41.Ne5 Rd6 42.Nc4  1/2-1/2

[Event "V Ilijas Subasic Mem"]
[Site "Zenica BIH"]
[Date "2006.12.09"]
[Round "2"]
[White "Dumpor,A"]
[Black "Muratovic,En"]
[Result "0-1"]
[WhiteElo "2411"]
[BlackElo "2265"]

1.c4 e6 2.Nf3 d5 3.e3 Nf6 4.b3 Be7 5.Bb2 O-O 6.Qc2 c5 7.Bd3 h6 8.g4 Nc6 9.a3 d4
10.Rg1 e5 11.g5 hxg5 12.Nxg5 Ng4 13.h4 Bxg5 14.hxg5 Qxg5 15.Bh7+ Kh8 16.Be4 g6
17.b4 Kg7 18.bxc5 Qh4 19.Rg3 Rd8 20.Bg2 Qh2 21.Kf1 dxe3 22.Rxe3 Nxe3+ 23.dxe3 Bf5
24.e4 Bg4 25.Nd2 Bh3 26.Bxh3 Qxh3+ 27.Ke2 Qh5+ 28.Ke1 Nd4 29.Qd3 Qh1+ 30.Nf1 Qg2
31.Nd2 Qh1+ 32.Qf1 Nc2+ 33.Ke2 Qh5+ 34.Nf3 Nd4+ 35.Bxd4 Rxd4 36.Ke3 Qh6+
37.Ke2 Rxe4+ 38.Kd3 Rd8+ 39.Kc3 Qf4  0-1

[Event "13th Open A"]
[Site "Zadar CRO"]
[Date "2006.12.14"]
[Round "6"]
[White "Sebenik,M"]
[Black "Blagojevic,Dr"]
[Result "1/2-1/2"]
[WhiteElo "2417"]
[BlackElo "2534"]

1.c4 e6 2.Nf3 d5 3.d4 Nf6 4.Nc3 Nbd7 5.e3 a6 6.a3 dxc4 7.Bxc4 b5 8.Ba2 Bb7
9.O-O c5 10.d5 exd5 11.Nxd5 Be7 12.e4 Nxd5 13.Bxd5 Bxd5 14.Qxd5 O-O 15.Bf4 Nf6
16.Qb7 Re8 17.Rad1 Qc8 18.Qxc8 Rexc8 19.e5 Ne8 20.Rd7 Bd8 21.Be3 c4  1/2-1/2

[Event "44th National A ch-IND"]
[Site "Atul IND"]
[Date "2006.12.20"]
[Round "3"]
[White "Sundararajan,K"]
[Black "Sengupta,D"]
[Result "0-1"]
[WhiteElo "2451"]
[BlackElo "2420"]

1.Nf3 e6 2.c4 d5 3.d4 c6 4.Qc2 dxc4 5.Qxc4 Nf6 6.Bg5 b5 7.Qc2 Bb7 8.e3 Nbd7
9.Bd3 a6 10.Nbd2 c5 11.Bxf6 gxf6 12.Be4 Qb6 13.O-O Be7 14.a4 Rc8 15.Bxb7 Qxb7
16.axb5 axb5 17.dxc5 Nxc5 18.Rfc1 O-O 19.Nb3 Nxb3 20.Qxb3 f5 21.h3 Bf6 22.Rxc8 Rxc8
23.Rd1 Qa6 24.Qb4 Qa4 25.Qd6 Bxb2 26.Qg3+ Bg7 27.Rd7 b4 28.Rb7 b3 29.Rb8 Qc4
30.Nd2 Qc1+ 31.Kh2 b2 32.Rxc8+ Qxc8 33.Qd6 h5 34.Qd3 h4 35.g3 hxg3+ 36.Kxg3 Qc1
37.Kg2 Qxd2 38.Qxd2 b1=Q 39.Qd8+ Kh7 40.Qh4+ Kg6 41.Qg3+ Kh7 42.Qh4+ Bh6  0-1

[Event "44th National A ch-IND"]
[Site "Atul IND"]
[Date "2006.12.26"]
[Round "10"]
[White "Koshy,V"]
[Black "Abhishek,D"]
[Result "0-1"]
[WhiteElo "2325"]
[BlackElo "2307"]

1.c4 e6 2.Nf3 d5 3.b3 Nf6 4.g3 Be7 5.Bg2 O-O 6.O-O c6 7.d3 Nbd7 8.Bb2 Qc7
9.Qc2 c5 10.cxd5 exd5 11.d4 b6 12.Nc3 Bb7 13.Rac1 Rac8 14.Qb1 Rfe8 15.Rfd1 Qb8
16.Ne5 Nf8 17.Nd3 Ne6 18.dxc5 bxc5 19.Na4 d4 20.Bh3 Ng5 21.Bf1 Ba8 22.f3 Bd6
23.h4 Bxg3  0-1

[Event "Czech Christmas"]
[Site "Litomysl CZE"]
[Date "2006.12.30"]
[Round "7"]
[White "Grecescu,G"]
[Black "Aepfler,C"]
[Result "1/2-1/2"]
[WhiteElo "2405"]
[BlackElo "2235"]

1.c4 e6 2.Nf3 d5 3.b3 d4 4.g3 Nf6 5.Bg2 Be7 6.O-O O-O 7.d3 Nc6 8.Na3 e5 9.Nc2 a5
10.Rb1 Re8 11.a3 Bf8 12.Bg5 h6 13.Bxf6 Qxf6 14.Nd2 Qe7 15.b4 axb4 16.axb4 Bf5
17.b5 Nd8 18.Nb4 Qd7 19.Qc2 Bxb4 20.Rxb4 Bh3 21.Bxh3 Qxh3 22.c5 Qh5 23.f3 Qg5
24.Kg2 Ne6 25.Ne4 Qg6 26.Rc1 f5 27.Nf2 Nf4+ 28.Kh1 Nd5 29.Ra4 Nc3 30.Rxa8 Rxa8
31.Nd1 Ra2 32.Qb3+ Qf7 33.Qxf7+ Kxf7 34.Nxc3 dxc3 35.e4 fxe4 36.dxe4 c2 37.Kg2 Rb2
38.Kf2 Ke6 39.Ke2 g5 40.Kd2 Rxb5 41.Rxc2 Kd7 42.c6+ bxc6 43.h4 Rb3 44.Ke2 g4
45.Rd2+ Ke6 46.Rc2 Kd6 47.Rd2+ Ke6 48.Rc2 Kd6  1/2-1/2

[Event "Australian Open"]
[Site "Tuggeranong AUS"]
[Date "2007.01.02"]
[Round "5"]
[White "Zhao Zong Yuan"]
[Black "Rogers,I"]
[Result "1/2-1/2"]
[WhiteElo "2455"]
[BlackElo "2526"]

1.c4 e6 2.Nf3 d5 3.d4 Nf6 4.g3 Bb4+ 5.Bd2 Be7 6.Bg2 O-O 7.O-O c6 8.Qc2 Nbd7
9.Bf4 Nh5 10.Bc1 Nhf6 11.Nbd2 b6 12.e4 Bb7 13.e5 Ne8 14.b3 Rc8 15.Bb2 c5
16.dxc5 Nxc5 17.Rad1 Qc7 18.Rfe1 Qb8 19.Qb1 Qa8 20.Nd4 Nc7  1/2-1/2

[Event "Australian Open"]
[Site "Tuggeranong AUS"]
[Date "2007.01.02"]
[Round "5"]
[White "Johansen,D"]
[Black "Hvistendahl,R"]
[Result "1-0"]
[WhiteElo "2458"]
[BlackElo "1829"]

1.c4 e6 2.Nf3 d5 3.d4 c6 4.Nbd2 Nf6 5.g3 Nbd7 6.Bg2 c5 7.cxd5 exd5 8.O-O Bd6
9.dxc5 Nxc5 10.Nb3 O-O 11.Be3 Nce4 12.Nc1 Bd7 13.Nd3 Re8 14.Bf4 Bc6 15.Rc1 Nh5
16.Bxd6 Qxd6 17.Nd4 Rac8 18.Re1 g6 19.e3 Ng7 20.Nf4 f5 21.Qb3 g5 22.Nd3 h6
23.Rc2 Rc7 24.Rec1 a6 25.Nb4 Rec8 26.Ndxc6 bxc6 27.Nxa6 Rf7 28.Qb6 Rf6 29.Qb7 Qe6
30.Nc5 Nxc5 31.Rxc5 Rf7 32.Qa6 Rfc7 33.Qd3 Qd7 34.b4 Kh8 35.Qc3 Kh7 36.Bxd5  1-0

[Event "ch-Kyiv"]
[Site "Kyiv UKR"]
[Date "2007.01.20"]
[Round "1"]
[White "Ianovsky,A"]
[Black "Bidkova,V"]
[Result "1-0"]
[WhiteElo "2240"]
[BlackElo "2017"]

1.c4 e6 2.Nf3 d5 3.b3 Nf6 4.Bb2 c5 5.g3 Be7 6.Bg2 O-O 7.O-O Nc6 8.d3 d4 9.Na3 e5
10.Nc2 Bf5 11.a3 a5 12.Re1 Re8 13.e4 Bg4 14.h3 Bxf3 15.Qxf3 Qb6 16.Rab1 Qxb3
17.Qe2 Qa4 18.Bc1 Rab8 19.f4 b5 20.cxb5 Rxb5 21.Rxb5 Qxb5 22.Rf1 Rb8 23.Ne1 Qb3
24.Nf3 Nd7 25.Nd2 Qc2 26.Qd1 Qxd1 27.Rxd1 Nb6 28.Rf1 Bd6 29.h4 a4 30.Bh3 Na5
31.Nf3 exf4 32.e5 Be7 33.Bxf4 Nd5 34.Bg5 Bxg5 35.Nxg5 Ne3 36.Rxf7 Rb1+ 37.Kf2 h6
38.Ra7 hxg5 39.Be6+ Kh7 40.Rxa5 gxh4 41.gxh4 Rh1 42.Rxa4 Rxh4 43.Ra5 Rh6
44.Bd7 Rh2+ 45.Kg3 Rg2+ 46.Kf3 Kg6 47.Rxc5 Kf7 48.Bh3 Rh2 49.Rc7+ Kf8 50.Be6 Rh6
51.Bb3 Rb6 52.Bc4 g5 53.Ke4 g4 54.Rf7+ Ke8 55.Rg7 Rh6 56.Rg8+ Ke7 57.Kxd4 Nc2+
58.Ke4 Rh4 59.Kf4 Nxa3 60.Rg7+ Ke8 61.Rxg4 Rh2 62.Ba6 Rh6 63.Bb7 Rb6 64.Be4 Nc2
65.Rg8+ Ke7 66.Rg7+ Kf8 67.Rb7 Ra6 68.Bd5 Ra4+ 69.Kg5 Ne3 70.Bb3 Rg4+ 71.Kf6 Rf4+
72.Ke6 Rd4 73.Rd7 Rb4 74.Rd8+ Kg7 75.Bd5 Rd4 76.Rd7+ Kf8 77.Be4 Rb4 78.Rf7+ Ke8
79.Rb7 Nc2 80.Rxb4 Nxb4 81.d4 Kd8 82.Kd6  1-0

[Event "ch-St Petersburg sf"]
[Site "St Petersburg RUS"]
[Date "2007.02.15"]
[Round "6"]
[White "Vunder,Y"]
[Black "Rodkin,F"]
[Result "1-0"]
[WhiteElo "2242"]
[BlackElo "2171"]

1.c4 e6 2.Nf3 d5 3.d4 Nf6 4.Nc3 c5 5.cxd5 cxd4 6.Qxd4 exd5 7.e4 Nc6 8.Bb5 Nxe4
9.O-O Nxc3 10.Qxc3 Qb6 11.Nd4 Bc5 12.Bxc6+ bxc6 13.Nb3 Bf8 14.Be3 Qc7 15.Rfe1 Be6
16.Nd4 Bd6 17.Bh6 Rg8 18.Nxe6 fxe6 19.Rxe6+ Kf7 20.Rae1 Bxh2+ 21.Kh1 Be5
22.R1xe5 gxh6 23.Qf3+  1-0

[Event "ch-St Petersburg sf"]
[Site "St Petersburg RUS"]
[Date "2007.02.17"]
[Round "8"]
[White "Vunder,Y"]
[Black "Nikolaev,V RUS"]
[Result "1-0"]
[WhiteElo "2242"]
[BlackElo "2246"]

1.c4 e6 2.Nf3 d5 3.g3 b6 4.Bg2 Bb7 5.O-O Nd7 6.cxd5 exd5 7.d4 Ngf6 8.Nc3 Be7
9.Bf4 a6 10.Rc1 Rc8 11.Ne5 O-O 12.Bh3 Ra8 13.Qb3 Nxe5 14.Bxe5 c6 15.Na4 b5
16.Bxf6 Bxf6 17.Nc5 Bc8 18.Bxc8 Qxc8 19.e3 Rd8 20.Rc2 Rd6 21.Rfc1 h5 22.Nd3 Qd7
23.Nb4 Rc8 24.Nxa6 h4 25.Qd3 Bd8 26.Nc5 Qa7 27.Qf5 Rb8 28.a3 g6 29.Qg4 f5
30.Qf4 Qe7 31.Qe5 Rb6 32.Qxe7 Bxe7 33.Nd3 hxg3 34.hxg3 Re6 35.Ne5 b4 36.axb4 Rxb4
37.Rxc6 Rxc6 38.Rxc6 g5 39.Rc8+ Kg7 40.Rc7  1-0

[Event "Magistral II"]
[Site "Necochea ARG"]
[Date "2007.02.20"]
[Round "1"]
[White "Valiente,C"]
[Black "Hase,J"]
[Result "1/2-1/2"]
[WhiteElo "2281"]
[BlackElo "2311"]

1.c4 e6 2.Nf3 d5 3.d4 c5 4.cxd5 exd5 5.Nc3 Nc6 6.g3 Nf6 7.Bg2 Be7 8.O-O O-O
9.Bf4 c4 10.Ne5 Be6 11.Nxc4 dxc4 12.d5 Nxd5 13.Nxd5 Qa5 14.Bd2  1/2-1/2

[Event "Millennium Festival"]
[Site "Virginia Beach USA"]
[Date "2007.03.03"]
[Round "2"]
[White "Ehlvest,J"]
[Black "Rohonyan,K"]
[Result "1-0"]
[WhiteElo "2610"]
[BlackElo "2354"]

1.c4 e6 2.Nf3 d5 3.d4 c5 4.cxd5 exd5 5.Nc3 Nf6 6.Bg5 Nc6 7.e3 Be6 8.Bb5 Rc8
9.O-O c4 10.e4 dxe4 11.d5 exf3 12.Qxf3 Bxd5 13.Nxd5 Qxd5 14.Rfe1+ Be7 15.Rxe7+ Kf8
16.Qxd5 Nxd5 17.Rxb7 Nde7 18.Bxe7+ Nxe7 19.Re1  1-0

[Event "I Open"]
[Site "La Laguna ESP"]
[Date "2007.03.08"]
[Round "5"]
[White "Mchedlishvili,M"]
[Black "Vega Gutierrez,S"]
[Result "1-0"]
[WhiteElo "2583"]
[BlackElo "2297"]

1.c4 e6 2.Nf3 d5 3.d4 c6 4.g3 dxc4 5.Bg2 b5 6.O-O Bb7 7.Nc3 Nf6 8.Ne5 Nd5
9.Ne4 f6 10.Nf3 Na6 11.Bh3 Nac7 12.b3 c3 13.Qc2 b4 14.Rd1 Bc8 15.a3 a5 16.Nc5 Bxc5
17.dxc5 e5 18.Bg2 Be6 19.e4 O-O 20.Nh4 Qe7 21.exd5 cxd5 22.Nf5 Qxc5 23.Be3 Qb5
24.Nd6 Qc6 25.Nc4 e4 26.Nb6 Rab8 27.Na4 Nb5 28.axb4 axb4 29.Nc5 Bg4 30.Re1 d4
31.Na6 dxe3 32.Nxb8 exf2+ 33.Qxf2 Rxb8 34.Rxe4 Be6 35.Rd1 c2 36.Rc1 Bxb3
37.Rxb4 Qc3 38.Qf4 Qc5+ 39.Kh1 Rd8 40.Re4 Bd5 41.Re2 Nd4 42.Rd2 Bxg2+ 43.Kxg2 Qd5+  1-0

[Event "I Open"]
[Site "La Laguna ESP"]
[Date "2007.03.11"]
[Round "8"]
[White "Ortells Perez,V"]
[Black "Perera,P"]
[Result "0-1"]
[WhiteElo "2099"]
[BlackElo "2229"]

1.c4 e6 2.Nf3 d5 3.d4 dxc4 4.Qa4+ Nc6 5.Qxc4 Nf6 6.Nc3 Nd5 7.Bd2 a6 8.g3 Ndb4
9.Ne4 Qd5 10.Qxd5 exd5 11.Bxb4 Nxb4 12.Nc3 Nc2+ 13.Kd2 Nxa1 14.Nxd5 Bd6 15.Bg2 Be6
16.Ng5 O-O-O 17.e4 c6 18.Rc1 Kb8 19.Nxe6 fxe6 20.Nc3 Be5 21.Rxa1 Rxd4+ 22.Kc2 Rhd8
23.Rd1 Rxd1 24.Nxd1 Bd4 25.b3 e5 26.h3 Rd6 27.f3 Rg6 28.g4 Rd6 29.Bf1 b5
30.h4 g6 31.Bh3 Rf6 32.Bg2 h5  0-1

[Event "64th ch-GEO w"]
[Site "Tbilisi GEO"]
[Date "2007.03.11"]
[Round "9"]
[White "Khurtsidze,N"]
[Black "Melia,S"]
[Result "1-0"]
[WhiteElo "2451"]
[BlackElo "2400"]

1.c4 e6 2.Nf3 d5 3.e3 Nf6 4.d4 b6 5.Nc3 Bd6 6.cxd5 exd5 7.Bb5+ c6 8.Bd3 O-O
9.Qc2 Re8 10.h3 Ba6 11.b3 Bxd3 12.Qxd3 Nbd7 13.Bb2 Ne4 14.O-O Re6 15.Rac1 Qe7
16.Ne2 Rh6 17.Qa6 Rf6 18.Nf4 Bxf4 19.exf4 Nf8 20.Ba3 Qc7 21.Ne5 c5 22.g3 Rd8
23.Rfd1 Re6 24.Qa4 Qb7 25.dxc5 bxc5 26.Qxe4 dxe4 27.Rxd8 h6 28.Bxc5 Kh7 29.Rxf8 f6
30.Nc4 Qd7 31.Ne3 Rc6 32.f5 Rc8 33.Rd1 Qb7 34.Rxc8 Qxc8 35.Bxa7 Qa6 36.Bc5 Qxa2
37.b4 Qa4 38.Kg2 h5 39.h4 g6 40.Rd6 Kg7 41.fxg6 Kxg6 42.Nd5 Qb3 43.Rxf6+ Kg7
44.Bf8+ Kh7 45.Ne7  1-0

[Event "Vladimir Zak mem"]
[Site "St Petersburg RUS"]
[Date "2007.03.25"]
[Round "2"]
[White "Gorjunov,S2"]
[Black "Fokin,A"]
[Result "1-0"]
[WhiteElo "2102"]
[BlackElo "1986"]

1.c4 e6 2.Nf3 d5 3.g3 Nf6 4.Bg2 c6 5.O-O Bd6 6.d3 e5 7.e4 d4 8.c5 Bc7 9.Na3 Qe7
10.b4 b6 11.Nc4 Nbd7 12.Nh4 bxc5 13.Nf5 Qf8 14.Qa4 Bb7 15.Na5 Bxa5 16.Qxa5 g6
17.Bh6 gxf5 18.Bxf8 Kxf8 19.exf5 c4 20.Qc7 Ba6 21.b5 Bxb5 22.Bxc6 Bxc6 23.Qxc6 Kg7
24.f4 cxd3 25.g4 Rac8 26.Qd6 Rcd8 27.g5 Ng8 28.f6+ Ngxf6 29.gxf6+ Nxf6 30.Qxe5 Rd5
31.Qe1 Ng4 32.f5 h5 33.f6+ Kh6 34.Qd2+ Ne3 35.Kh1 Rc8 36.Rfc1 Rg8 37.Rg1 Rc8
38.Rg7 Rc3 39.Rxf7 Kg6 40.Re7 Kxf6 41.Rxe3 dxe3 42.Qxc3+ Ke6 43.Qc6+ Ke5
44.Rg1 e2 45.Rg5+ Kf4 46.Qf6+ Ke3 47.Qe6+ Kd2 48.Rxd5  1-0

[Event "9th Open"]
[Site "Foxwoods USA"]
[Date "2007.04.05"]
[Round "3"]
[White "Lu,E"]
[Black "Privman,B"]
[Result "1/2-1/2"]
[WhiteElo "2127"]
[BlackElo "2292"]

1.Nf3 e6 2.c4 d5 3.d4 c6 4.e3 f5 5.Nc3 Nf6 6.Qc2 Bd6 7.Be2 O-O 8.O-O Ne4
9.b3 Nd7 10.Bb2 Qf6 11.Rfe1 g5 12.g3 Qh6 13.Bf1 Ndf6 14.Bg2 Qh5 15.Re2 Ng4
16.h3 Ngxf2 17.Rxf2 Bxg3 18.Rff1 g4 19.Nxe4 dxe4 20.hxg4 fxg4 21.Qxe4 gxf3
22.Rxf3 Qh2+ 23.Kf1 Rxf3+ 24.Qxf3 Bd7 25.Qg4+ Kh8 26.Ba3 Bd6 27.Bxd6 Qxd6
28.c5 Qh2 29.Qh3 Qxh3 30.Bxh3 Kg7 31.Ke2 Kf6 32.Rf1+ Ke7 33.Rg1 Kf6 34.Rf1+  1/2-1/2

[Event "LIII Mexican Open"]
[Site "Aguascalientes MEX"]
[Date "2007.04.06"]
[Round "5"]
[White "Gonzalez Zamora,J"]
[Black "Corrales,Fi"]
[Result "0-1"]
[WhiteElo "2526"]
[BlackElo "2507"]

1.c4 e6 2.Nf3 d5 3.g3 Nf6 4.Bg2 Be7 5.O-O O-O 6.d4 dxc4 7.Na3 Bxa3 8.bxa3 Nd5
9.Qc2 Nb6 10.Bb2 Bd7 11.Ne5 Ba4 12.Qc3 Bc6 13.Nxc6 bxc6 14.d5 f6 15.dxe6 Qe7
16.Qe3 Re8 17.Bh3 Na6 18.Bd4 c5 19.Bc3 c6 20.f4 Nc7 21.f5 Nbd5 22.Qc1 Nb5
23.Ba5 Qd6 24.e4 Nb6 25.Rd1 Qe5 26.Qf4 Qb2 27.Bf1 Qxa3 28.Bxb6 axb6 29.Rd7 Nd4
30.Qg4 Qe3+ 31.Kg2 Qh6 32.Qf4 Qxf4 33.gxf4 b5 34.Kf2 c3 35.Bd3 Kh8 36.Ke3 c2
37.Kd2 Rad8 38.Rxd8 Rxd8 39.Kc3 Kg8 40.Kb2 c4 41.Bxc2 b4 42.Rd1 c3+ 43.Kb1 Kf8
44.Rg1 c5 45.e5 Nxc2 46.Kxc2 Rd2+ 47.Kb3 Rxh2 48.Kc4 Rxa2 49.e7+ Kxe7 50.Rxg7+ Kf8
51.Rxh7 c2 52.Rh1 Rb2 53.e6 Rb1 54.Rh8+ Ke7 55.Kb5 c1=Q 56.Rh7+ Kf8 57.Rh8+ Kg7  0-1

[Event "18th Pobeskydi Chance Cup"]
[Site "Frydek Mistek CZE"]
[Date "2007.04.08"]
[Round "8"]
[White "Hudziak,P"]
[Black "Pospisil,E"]
[Result "1-0"]
[WhiteElo "2201"]
[BlackElo "2109"]

1.c4 e6 2.Nf3 d5 3.d4 c6 4.g3 Nf6 5.Bg2 Be7 6.O-O O-O 7.Nc3 Nbd7 8.Nd2 b6
9.e4 dxe4 10.Ndxe4 Bb7 11.Be3 Nxe4 12.Bxe4 Nf6 13.Bg2 Qd7 14.Qe2 Rfd8 15.Rad1 Rac8
16.f4 Ba6 17.Bh3 g6 18.g4 Nd5 19.Bc1 Nxc3 20.bxc3 Qd5 21.cxd5 Bxe2 22.dxe6 Bxf1
23.exf7+ Kxf7 24.Kxf1 Rf8 25.g5 Rcd8 26.c4 Kg7 27.Kg2 h6 28.Be6 hxg5 29.fxg5 Bd6
30.Bb2 Rf4 31.d5+ Kf8 32.dxc6 Bc7 33.Rxd8+ Bxd8 34.Ba3+ Ke8 35.Bd6 Re4 36.Bd5 Rg4+
37.Kf3 Rxg5 38.c7 Bxc7 39.Bxc7 Kd7 40.Bf4 Rg1 41.h4 Rf1+ 42.Ke4 Ke7 43.Bg5+ Kf8
44.Ke5 Kg7 45.a4 Ra1 46.Bc6 Rd1 47.Ke6 Rd3 48.Bb5 Ra3 49.Kd6 Rf3 50.Kc7 Rf7+
51.Kb8 Kh7 52.Bc6 Rf5 53.Kxa7 Ra5+ 54.Kxb6 Rxa4 55.c5 Rg4 56.Bb5  1-0

[Event "8th ch-Euro"]
[Site "Dresden GER"]
[Date "2007.04.11"]
[Round "8"]
[White "Spiess,Gu"]
[Black "Boros,De"]
[Result "1/2-1/2"]
[WhiteElo "2398"]
[BlackElo "2501"]

1.Nf3 e6 2.c4 d5 3.d4 Nf6 4.Nc3 Bb4 5.e3 O-O 6.Bd3 c5 7.O-O dxc4 8.Bxc4 Nbd7
9.Qe2 Qe7 10.a3 Ba5 11.Bd2 Bxc3 12.Bxc3 Ne4 13.Be1 b6 14.Ne5 Nd6 15.Bd3 cxd4
16.Nc6 Qf6 17.Bb4 Bb7 18.Bxd6 Bxc6 19.Bxf8 Nxf8 20.Rac1 e5 21.exd4 exd4 22.Rfe1 Bd5
23.Qe5 Rd8 24.Qxf6 gxf6 25.g3 Nd7 26.Red1 Ne5 27.f4 Nxd3 28.Rxd3 Be4 29.Rd2 f5
30.Rc4 d3 31.Kf2 Kg7 32.b4 a6 33.Rc7 Rd6 34.Rd1 Bc6 35.Rd2 Be4 36.Ke3 Re6
37.Kf2 Rd6  1/2-1/2

[Event "5th Arab Cities"]
[Site "Beirut LBN"]
[Date "2007.04.13"]
[Round "7"]
[White "Ismail,H"]
[Black "Najjar,A"]
[Result "0-1"]
[WhiteElo "2328"]
[BlackElo "2326"]

1.c4 e6 2.Nf3 d5 3.d4 c6 4.Qc2 f5 5.b3 Nf6 6.e3 Bd6 7.Be2 O-O 8.O-O Bd7 9.Ne5 Be8
10.Ba3 Bxa3 11.Nxa3 Qe7 12.Qb2 Nbd7 13.Nxd7 Bxd7 14.Rfd1 Rf7 15.Nc2 g5 16.Qa3 Qxa3
17.Nxa3 h5 18.Nc2 Rh7 19.Ne1 Ne4 20.Nd3 Rf8 21.Rac1 h4 22.Ne5 Be8 23.f3 Nd6
24.Bd3 Rg7 25.Rf1 Nf7 26.Nxf7 Rfxf7 27.Rc2 Rf6 28.g3 Bh5 29.Kf2 g4 30.f4 Be8
31.Rh1 Bd7 32.Rcc1 Rh6 33.Rcg1 Rgh7 34.Kg2 dxc4 35.bxc4 c5 36.d5 Kf7 37.e4 exd5
38.exd5 Ke7 39.Rb1 b6 40.Rbe1+ Kd6 41.h3 hxg3 42.hxg4 Rxh1 43.Rxh1 Rxh1 44.Kxh1 fxg4
45.Kg2 b5 46.Kxg3 a6 47.cxb5 axb5 48.f5 Kxd5 49.Kxg4 Kd4 50.Bb1 b4 51.Kf4 c4
52.f6 Be6 53.Kf3 Bf7 54.Ke2 Kc3 55.Ke3 Kb2 56.Be4 c3 57.Kd4 c2  0-1

[Event "8th ch-Euro T/B"]
[Site "Dresden GER"]
[Date "2007.04.15"]
[Round "2.2"]
[White "Iljin,A"]
[Black "Sakaev,K"]
[Result "1/2-1/2"]
[WhiteElo "2538"]
[BlackElo "2633"]

1.c4 e6 2.Nf3 d5 3.d4 Nf6 4.Nc3 Be7 5.e3 O-O 6.Qc2 c5 7.dxc5 Na6 8.a3 Nxc5
9.b4 Nce4 10.Bb2 b6 11.cxd5 exd5 12.Bd3 Bb7 13.Ne2 a5 14.bxa5 Rxa5 15.O-O Qc8
16.Qb1 Qa8 17.Nf4 h6 18.Rd1 Rc8 19.Bd4 Bc5 20.Qb2 Bxd4 21.Nxd4 Nc3 22.Re1 Na4
23.Qb4 Ba6 24.Bc2 Rc4 25.Qd6 Qf8 26.Qe5 Nc3 27.Nf5 d4 28.Ne7+ Kh8 29.Qe6 Rg5
30.Qd6 Qa8 31.Bb3 Nfe4 32.Qxb6 Rb5 33.Qxa6 Qxa6 34.Bxc4 dxe3 35.Rxe3 Qf6
36.Rae1 Re5 37.Rxc3 Nxc3 38.Rxe5 Qxf4 39.Ng6+ fxg6 40.Re8+ Kh7 41.Bg8+ Kh8
42.Bf7+  1/2-1/2

[Event "Open"]
[Site "Metz FRA"]
[Date "2007.04.20"]
[Round "7"]
[White "Kosten,A"]
[Black "Kozhuharov,S"]
[Result "1/2-1/2"]
[WhiteElo "2517"]
[BlackElo "2433"]

1.c4 e6 2.Nf3 d5 3.g3 Nf6 4.d4 c5 5.Bg2 Nc6 6.O-O dxc4 7.Na3 cxd4 8.Nxc4 Be7
9.Bf4 O-O 10.Qb3 Nd5 11.Rfd1 Nxf4 12.gxf4 Bc5 13.Rac1 Qe7 14.Ng5 Bd7 15.Qd3 g6
16.Qh3 h5 17.Ne4 Rfd8 18.Na5 Nxa5 19.Rxc5 Nc6 20.Rxh5 gxh5 21.Qxh5 f5 22.Rd3 fxe4
23.Rg3+ Qg7 24.Bxe4 Qxg3+ 25.fxg3 Be8 26.Qg5+ Kf8 27.Qf6+ Kg8 28.Qxe6+ Bf7
29.Qh6 Bxa2 30.Qh7+ Kf8 31.Qxb7 Ne7 32.f5 Bd5 33.Bxd5 Nxd5 34.Qh7 Rac8 35.Qh8+ Kf7
36.Qxd4 Rd7 37.Qa4 Re7 38.Kf2 Rce8 39.Qc4 Rxe2+ 40.Qxe2 Rxe2+ 41.Kxe2 Kf6
42.g4 Kg5 43.Kf3 Nf6 44.h3 a5 45.Ke3 Nd5+ 46.Ke4 Nf4 47.f6 Ng6 48.f7 Kf6
49.h4 Kxf7 50.h5 Nf8 51.Ke5 a4 52.g5 Kg7 53.Kd5 Nh7  1/2-1/2